000 00947cam a22002771 4500
001 754165
003 OSt
005 20231205114108.0
008 740123s1966 ii abc b 000 0 eng
010 _asa 67000765
020 _a9788121903387
040 _aDLC
_cDLC
_dDLC
043 _ae------
050 1 0 _aD299
_b.M26 1966
082 0 0 _a940.2
_bMAH/H
100 _a Mahajan, Vidya Dhar
_91752
245 1 0 _aHistory of modern Europe since 1789.:
_bfor students of B A, M A and aspirants of competitive examinations /
_cDr. V D Mahajan
250 _a14th ed., thoroughly rev. and enl.
260 _aDelhi,
_bS. Chand,
_c2023.
300 _axv, 626 p.
_billus., maps, ports.
_c22 cm.
504 _aIncludes bibliographies.
650 0 _aHistory, Modern
_y20th century.
651 0 _aEurope
_xHistory
_y1789-1900.
906 _a7
_bcbc
_corignew
_du
_encip
_f19
_gy-gencatlg
942 _2ddc
_cBK
_h940.2
_iMAH/H
_k940.2
_mMAH/H
999 _c43818
_d43818